Nhân vật lịch sử Việt Nam và những trận đánh, chiến dịch nổi tiếng trong lịch sử dân tộc Tập 2

Các cuộc khởi nghĩa thời đại Hùng Vương đến năm 938; Các cuộc khởi nghĩa và các trận đánh nổi tiếng từ 938-1858; Các cuộc khởi nghĩa và các trận đánh nổi tiếng giai đoạn 1858-1945; Các chiến dịch và các trận đánh nổi tiếng giai đoạn 1945-1954; Chiến dịch và các trận đánh nổi tiếng giai đoạn 1954-197...

Πλήρης περιγραφή

Αποθηκεύτηκε σε:
Λεπτομέρειες βιβλιογραφικής εγγραφής
Άλλοι συγγραφείς: Thùy Linh (sưu tầm, tuyển chọn), Việt Trinh (sưu tầm, tuyển chọn)
Μορφή: Βιβλίο
Γλώσσα:Vietnamese
Έκδοση: H. Lao động 2011
Θέματα:
Ετικέτες: Προσθήκη ετικέτας
Δεν υπάρχουν, Καταχωρήστε ετικέτα πρώτοι!
Thư viện lưu trữ: Mạng thư viện Đại học Đà Nẵng
LEADER 01786nam a2200373 4500
001 000019350
003 15785
005 20140417160423.0
008 140417s2011 viesd
020 |c 325000 
041 0 |a vie 
082 1 4 |a 959.7  |b Nhâ 
245 0 0 |a Nhân vật lịch sử Việt Nam và những trận đánh, chiến dịch nổi tiếng trong lịch sử dân tộc  |b Tập 2  |c Thùy Linh, Việt Trinh sưu tầm và hệ thống hóa 
260 |a H.  |b Lao động  |c 2011 
300 |a 488 tr.  |c 27 cm. 
520 3 |a Các cuộc khởi nghĩa thời đại Hùng Vương đến năm 938; Các cuộc khởi nghĩa và các trận đánh nổi tiếng từ 938-1858; Các cuộc khởi nghĩa và các trận đánh nổi tiếng giai đoạn 1858-1945; Các chiến dịch và các trận đánh nổi tiếng giai đoạn 1945-1954; Chiến dịch và các trận đánh nổi tiếng giai đoạn 1954-1975. 
650 0 4 |a Nhân vật lịch sử  |x Lịch sử dân tộc  |z Việt Nam 
650 0 4 |a Chiến dịch  |x Lịch sử dân tộc  |z Việt Nam 
653 |a Nhân vật lịch sử Việt Nam 
653 |a Trận đánh 
653 |a Chiến dịch 
653 |a Lịch sử dân tộc 
700 1 |a Thùy Linh  |e sưu tầm, tuyển chọn 
700 1 |a Việt Trinh  |e sưu tầm, tuyển chọn 
OWN |a LSP 
AVA |a UDN50  |b LSP  |d 959.7 Nhâ  |e available  |t Error 5001 Not defined in file expand_doc_bib_avail.  |f 2  |g 0  |h N  |i 0  |k 1 
999 |a From the UDN01 
AVA |a UDN50  |b LSP  |d 959.7 Nhâ  |e available  |t Error 5001 Not defined in file expand_doc_bib_avail.  |f 2  |g 0  |h N  |i 0  |k 1 
TYP |a Monograph 
TYP |a Printed language 
980 |a Mạng thư viện Đại học Đà Nẵng